000 00968nam a2200193Ia 4500
001 17645
003 GE_BSU
008 181216s||||||||xx |||||||||||||| ||und||
040 _cGE_BSU
080 _a721.001(035.5)+624
245 _aСправочник проектировщика промышленных, жилых и общественных зданий и сооружений, металлические конструкции промышленных здании и сооружении.
245 _cПод ред. Мельникова,Н.П.
260 _aМ.
260 _bГосстройиздат.
260 _c1962.
300 _a618 стр. 27 см.
653 _aСправочник проектировщика промышленных, жилых и общественных зданий и сооружений, металлические конструкции промышленных здании и сооружении.
942 _cBK
999 _c50694
_d50694